ARRUPE JESUIT UNIVERSITY

CORONAVIRUS -STOP THE SPREAD - CLEAN,DISINFECT,COVER
Normal view MARC view

Entry Topical Term

Number of records used in: 1

001 - CONTROL NUMBER

  • control field: 5394

003 - CONTROL NUMBER IDENTIFIER

  • control field: ARRUPE

005 - DATE AND TIME OF LATEST TRANSACTION

  • control field: 20131210140249.0

008 - FIXED-LENGTH DATA ELEMENTS

  • fixed length control field: 131210|| aca||aabn | a|a d

040 ## - CATALOGING SOURCE

  • Original cataloging agency: ARRUPE
  • Transcribing agency: ARRUPE

150 ## - HEADING--TOPICAL TERM

  • Topical term or geographic name as entry element: Missions
  • General subdivision: Evengalistic work
  • General subdivision: Philosophy
  • Geographic subdivision: Australia

670 ## - SOURCE DATA FOUND

  • Source citation: Work cat.: (ARRUPE): Langmead, Ross 5393, Reimagining God and Mission, 2007

 

Arrupe Library. PO Box MP320 Mt Pleasant, Harare, Zimbabwe
263 242 745411|librarian@aju.ac.zw